| 000 | 00680cam a2200193 a 4500 | ||
|---|---|---|---|
| 020 | _a9788183762182 | ||
| 082 |
_a631.587 _bRAO/MI |
||
| 100 | 1 | _aRao, V. M. | |
| 245 | 1 | 0 | _aMicro-irrigation system : An economic analysis |
| 260 |
_aJaipur : _bABD Publishers, _c2009. |
||
| 300 | _aviii, 180 p. ; | ||
| 500 | _aIncludes statistical tables. | ||
| 520 | _aWith reference to Latur and Osmānābād Districts, Maharashtra; study conducted by Centre for Research and Publications, Vaikunth Mehta National Institute of Co-operative Management. | ||
| 650 | 0 | _aMicroirrigation | |
| 650 | 0 | _aMicroirrigation | |
| 700 | 1 | _aRupkumar, K. | |
| 700 | 1 | _aHanamashetti, J. S. | |
| 942 | _cBK | ||
| 999 |
_c13775 _d13775 |
||